<?xml version="1.0" encoding="UTF-8"?><?xml-stylesheet type="text/xsl" href="static/style.xsl"?><OAI-PMH xmlns="http://www.openarchives.org/OAI/2.0/" xmlns:xsi="http://www.w3.org/2001/XMLSchema-instance" xsi:schemaLocation="http://www.openarchives.org/OAI/2.0/ http://www.openarchives.org/OAI/2.0/OAI-PMH.xsd"><responseDate>2026-06-01T12:19:23Z</responseDate><request verb="GetRecord" identifier="oai:riuma.uma.es:10630/35075" metadataPrefix="marc">https://riuma.uma.es/rest/oai/request</request><GetRecord><record><header><identifier>oai:riuma.uma.es:10630/35075</identifier><datestamp>2026-02-03T11:10:39Z</datestamp><setSpec>com_10630_2254</setSpec><setSpec>col_10630_37953</setSpec></header><metadata><record xmlns="http://www.loc.gov/MARC21/slim" xmlns:dcterms="http://purl.org/dc/terms/" xmlns:doc="http://www.lyncode.com/xoai" xmlns:xsi="http://www.w3.org/2001/XMLSchema-instance" xsi:schemaLocation="http://www.loc.gov/MARC21/slim http://www.loc.gov/standards/marcxml/schema/MARC21slim.xsd">
   <leader>00925njm 22002777a 4500</leader>
   <datafield ind2=" " ind1=" " tag="042">
      <subfield code="a">dc</subfield>
   </datafield>
   <datafield ind2=" " ind1=" " tag="720">
      <subfield code="a">Rojas-de-Gracia, María Mercedes</subfield>
      <subfield code="e">author</subfield>
   </datafield>
   <datafield ind2=" " ind1=" " tag="720">
      <subfield code="a">Alarcón-Urbistondo, María del Pilar</subfield>
      <subfield code="e">author</subfield>
   </datafield>
   <datafield ind2=" " ind1=" " tag="720">
      <subfield code="a">González-Robles, Eva María</subfield>
      <subfield code="e">author</subfield>
   </datafield>
   <datafield ind2=" " ind1=" " tag="260">
      <subfield code="c">2018-01</subfield>
   </datafield>
   <datafield ind2=" " ind1=" " tag="520">
      <subfield code="a">-This work addresses two objectives: to identify the roles of the couple at each stage and to determine the most influential variables. To do so, we work with a sample of 375 couples whose members completed a questionnaire separately, which adds reliability to the results. Our results indicate that there are differences between male and female perceptions. In addition, this work reveals that holidays follow a joint decision process in the initiation phase and in the final decision, while the search for information is carried out equally by one of the members of the couple. The woman's employment situation, the type of destination to be travelled to and the difference in educational levels between both are the variables that best explain how couples decide on their family holidays.&#xd;
 -Este trabajo aborda dos objetivos: identificar en cada etapa los roles de la pareja y determinar las variables más influyentes. Para ello se trabaja con una muestra de 375 parejas cuyos miembros cumplimentaron un cuestionario por separado, lo que añade fiabilidad a los resultados. Nuestros resultados apuntan a que existen diferencias entre la percepción masculina y femenina. Además, este trabajo revela que las vacaciones siguen un proceso de decisión conjunta en la fase de iniciación y en la decisión final, mientras que la búsqueda de información la realiza por igual uno de los miembros de la pareja. La situación laboral de la mujer, el tipo de destino al que se viaja y la diferencia de niveles educativos entre ambos son las variables que mejor explican cómo las parejas deciden sus vacaciones familiares.</subfield>
   </datafield>
   <datafield ind1="8" ind2=" " tag="024">
      <subfield code="a">Rojas-de-Gracia, M. M., Alarcón-Urbistondo, P., &amp; González-Robles, E. M. (2018). Couple Dynamics in Family Holidays Decision-making Process. International Journal of Contemporary Hospitality Management, 30(1), 601-617.</subfield>
   </datafield>
   <datafield ind1="8" ind2=" " tag="024">
      <subfield code="a">https://hdl.handle.net/10630/35075</subfield>
   </datafield>
   <datafield ind1="8" ind2=" " tag="024">
      <subfield code="a">10.1108/IJCHM-10-2016-0562</subfield>
   </datafield>
   <datafield tag="653" ind2=" " ind1=" ">
      <subfield code="a">Turismo - Toma de decisiones</subfield>
   </datafield>
   <datafield tag="653" ind2=" " ind1=" ">
      <subfield code="a">Familia - Toma de decisiones</subfield>
   </datafield>
   <datafield ind2="0" ind1="0" tag="245">
      <subfield code="a">Couple Dynamics in Family Holidays Decision-making Process</subfield>
   </datafield>
</record>
</metadata></record></GetRecord></OAI-PMH>